বাংলার প্রাচীন সভ্যতা ও পুরাকীর্তি /

Bibliographische Detailangaben
1. Verfasser: হাসান, খন্দকার মাহমুদুল
Format: Buch
Sprache:Bengali
Veröffentlicht: ঢাকা : শিখা প্রকাশনী, ২০০০.
Schlagworte:
Classic Catalogue: View this record in Classic Catalogue
LEADER 01290nam a22002657a 4500
001 4302
003 BD-DhAAL
005 20250512102657.0
008 160208s 2000bg a|||| b||| 00| 0 ben d
040 |a BD-DhAAL  |c BD-DhAAL 
082 |a 934 
100 |a হাসান, খন্দকার মাহমুদুল   |9 17883 
245 |a বাংলার প্রাচীন সভ্যতা ও পুরাকীর্তি /  |c খন্দকার মাহমুদুল হাসান. 
260 |a ঢাকা :  |b শিখা প্রকাশনী,  |c ২০০০. 
300 |a ২৪০পৃ. :  |b চিত্র ;  |c ২২ সে.মি. 
504 |a Includes bibliographical references. 
541 |e 4302 
651 |a Bangladesh  |x Antiquities.   |9 17884 
651 |a Bangladesh  |x Civilization   |9 17885 
651 |a India   |x Antiquities.  |9 17886 
852 |a Ayesha Abed Library  |c General Stacks 
942 |2 ddc  |c BK 
999 |c 36814  |d 36814 
952 |0 0  |1 0  |2 ddc  |4 0  |6 934_000000000000000_HAS  |7 0  |9 57942  |a SCL  |b SCL  |c GEN  |d 2016-02-08  |g 175.00  |l 6  |m 13  |o 934 HAS  |p 3020004302  |r 2023-11-14  |s 2023-11-12  |t 1  |w 2016-02-08  |y BK 
952 |0 0  |1 0  |2 ddc  |4 0  |6 934_000000000000000_HAS  |7 0  |9 61849  |a SCL  |b SCL  |c GEN  |d 2017-11-11  |g 175.00  |l 2  |m 1  |o 934 HAS  |p 3020007662  |r 2025-08-04  |s 2025-07-07  |t 2  |w 2017-11-11  |y BK